Instituciones de derecho procesal civil según el nuevo codigo / (Record no. 147470)

MARC details
000 -LEADER
fixed length control field 00842cam a2200205 4500
008 - FIXED-LENGTH DATA ELEMENTS--GENERAL INFORMATION
fixed length control field s1943 ita spa
050 04 - LIBRARY OF CONGRESS CALL NUMBER
Classification number KKH1710
Item number C35 1943
100 1# - MAIN ENTRY--PERSONAL NAME
Personal name Calamandrei, Piero
245 10 - TITLE STATEMENT
Title Instituciones de derecho procesal civil según el nuevo codigo /
Statement of responsibility, etc Piero Calamandrei ; traducción de Santiago Sentís Melendo ; prólogo Hugo Alsina.
260 ## - PUBLICATION, DISTRIBUTION, ETC. (IMPRINT)
Place of publication, distribution, etc Buenos Aires, Argentina :
Name of publisher, distributor, etc Depalma ,
Date of publication, distribution, etc 1943
300 ## - PHYSICAL DESCRIPTION
Extent xxviii, 353 páginas ;
Dimensions 23 cm.
440 #0 - SERIES STATEMENT/ADDED ENTRY--TITLE
Title Biblioteca jurídica. Sección Derecho Procesal Civil y Comercial.
504 ## - BIBLIOGRAPHY, ETC. NOTE
Bibliography, etc Bibliografía : páginas 347-353
650 #7 - SUBJECT ADDED ENTRY--TOPICAL TERM
Topical term or geographic name as entry element Procedimientos civiles
Geographic subdivision Argentina
Source of heading or term lemb
650 #4 - SUBJECT ADDED ENTRY--TOPICAL TERM
Topical term or geographic name as entry element Derecho procesal civil
Geographic subdivision Argentina
Source of heading or term lemb
700 1# - ADDED ENTRY--PERSONAL NAME
Personal name Sentís Melendo, Santiago,
Relator term traducción.
700 1# - ADDED ENTRY--PERSONAL NAME
Personal name Alsina, Hugo,
Relator term prólogo.
942 ## - ADDED ENTRY ELEMENTS (KOHA)
Source of classification or shelving scheme Biblioteca del Cogreso de los Estados Unidos
Koha item type Libro
Holdings
Estado de pérdida Fuente de clasificación Estado del daño No para préstamo Ubicación permanente Ubicación actual Apartado o colección Fecha de adquisición Edición Dependencia de educación superior (DES) Área del conocimiento Total Checkouts Clasificación Código de Barras Date last seen Número de copia Costo por reposición Tipo de recurso
  Biblioteca del Cogreso de los Estados Unidos     Biblioteca de la Facultad de Derecho y Ciencias Sociales "Felipe J. Tena" Biblioteca de la Facultad de Derecho y Ciencias Sociales "Felipe J. Tena" General 02/05/2022 1a ed. Derecho Ciencias Sociales y Administrativas   KKH1710 C35 1943 BFD000013125 02/05/2022 1 1.00 Libro